Statistics for Jurassic Park Movies

Click here to take the quiz!

General Stats

  • This quiz has been taken 18 times
  • The average score is 4 of 6

Answer Stats

Director(s)U.S. Release DateFilm% Correct
Steven SpielbergJune 11, 1993Jurassic Park
100%
Colin TrevorrowJune 12, 2015Jurassic World
83%
Joe JohnstonJuly 18, 2001Jurassic Park III
67%
Colin TrevorrowJune 10, 2022Jurassic World: Dominion
67%
Steven SpielbergMay 23, 1997The Lost World: Jurassic Park
67%
J. A. BayonaJune 22, 2018Jurassic World: Fallen Kingdom
33%

Score Distribution

Percentile by Number Answered

Percent of People with Each Score

Your Score History

You have not taken this quiz